000 01044nam a2200253Ia 4500
003 OSt
005 20220930094953.0
006 a|||||r|||| 00| 0
007 ta
008 220926b |||||||| |||| 00| 0 hin d
024 _a62720
037 _cTheses
040 _aCRL
_cCRL
_bhin
041 _2hin
_ahin
100 _aवन्दना, ले.
110 _aदिल्ली विश्वविद्यालय. कला संकाय. हिन्दी विभाग
245 0 _aहिन्दी दलित आत्मकथाओं में स्त्री संबंधी दृष्टियों का अध्ययन
246 _aHindī dalit ātmakathāoan mean strī sanbandhī dṛuṣhṭiyoan kā adhyayana
260 _c2018
300 _a514पृ0
_ap.
_ccm.
700 _aदिल्ली विश्वविद्यालय. कला संकाय. हिन्दी विभाग
942 _cDIS
_2CC
999 _c888080
_d888080